The philosophical journey : An interactive approach
The Philosophical Journey: An Interactive Approach, is a text/reader which enhances comprehension of philosophical study by allowing the reader to ponder, explore and actively participate in the learning process. Philosophy becomes a personal journey to students through Bill Lawhead's innovativ...
Αποθηκεύτηκε σε:
| Κύριος συγγραφέας: | |
|---|---|
| Μορφή: | Βιβλίο |
| Γλώσσα: | Undetermined |
| Έκδοση: |
New York
McGraw Hill
2011
|
| Θέματα: | |
| Ετικέτες: |
Προσθήκη ετικέτας
Δεν υπάρχουν, Καταχωρήστε ετικέτα πρώτοι!
|
| Thư viện lưu trữ: | Trung tâm Học liệu Trường Đại học Cần Thơ |
|---|
| LEADER | 01029nam a2200229Ia 4500 | ||
|---|---|---|---|
| 001 | CTU_210137 | ||
| 008 | 210402s9999 xx 000 0 und d | ||
| 020 | |c 75.7 | ||
| 082 | |a 100 | ||
| 082 | |b L417 | ||
| 100 | |a Lawhead, William F. | ||
| 245 | 4 | |a The philosophical journey : | |
| 245 | 3 | |b An interactive approach | |
| 245 | 0 | |c William F. Lawhead | |
| 260 | |a New York | ||
| 260 | |b McGraw Hill | ||
| 260 | |c 2011 | ||
| 520 | |a The Philosophical Journey: An Interactive Approach, is a text/reader which enhances comprehension of philosophical study by allowing the reader to ponder, explore and actively participate in the learning process. Philosophy becomes a personal journey to students through Bill Lawhead's innovative and unique pedagogy which delivers philosophical concepts through more digestible chunks. | ||
| 650 | |a Philosophy,Triết học | ||
| 650 | |x Introductions,Giới thiệu | ||
| 904 | |i Trần Thị Hồng Ngọc, Tuyến | ||
| 980 | |a Trung tâm Học liệu Trường Đại học Cần Thơ | ||